000 00592nam a22002057a 4500
999 _c4040
_d4040
003 AR-CdUCM
008 190307b ||||| |||| 00| 0 spa d
040 _aMUNICIPALIDAD PROVINCIAL DEL CUSCO
_cBIBLIOTECA MUNICIPAL DEL CUSCO
082 _a868.56 /
_bV182
100 _aVallejo, César
_910143
245 _aEl arte y la revolución /
260 _aLima :
_bEdit. Mosca Azul,
_c1973.
300 _a167 paginas :
_c19 cm.
505 _aContenido :Ensayos /
650 _aArte
_9561
650 _aPolítica
_9291
650 _aEnsayos peruanos
_9233
942 _2ddc
_cLIBROS
945 _arjall